Distributive justice : a comparative analysis of the views of Sayyid Qutb, Muhammad Baqir Al-Sadr, John Rawls and Robert Nozick /
Saved in:
| Main Author: | |
|---|---|
| Format: | Thesis |
| Language: | English |
| Published: |
Damansara :
International Institute of Islamic Thought and Civilization (ISTAC), International Islamic University Malaysia,
2005
|
| Subjects: | |
| Tags: |
Add Tag
No Tags, Be the first to tag this record!
|
| LEADER | 026930000a22004690004500 | ||
|---|---|---|---|
| 001 | 329055 | ||
| 005 | 20230420130506.0 | ||
| 008 | 051031t2005 my g 000 0 eng d | ||
| 035 | |a (Sirsi) 329055 | ||
| 040 | |a UIAM |b eng | ||
| 041 | 0 | |a eng | |
| 050 | 0 | 0 | |a HB251 |
| 100 | 1 | |a Sulaiman, Kabuye Uthman |9 5361 | |
| 245 | 1 | 0 | |a Distributive justice : |b a comparative analysis of the views of Sayyid Qutb, Muhammad Baqir Al-Sadr, John Rawls and Robert Nozick / |c by Kabuye Uthman Sulaiman |
| 260 | |a Damansara : |b International Institute of Islamic Thought and Civilization (ISTAC), International Islamic University Malaysia, |c 2005 | ||
| 300 | |a xiii, 324 leaves. ; |c 30 cm. | ||
| 336 | |2 rdacontent | ||
| 337 | |2 rdamedia | ||
| 338 | |2 rdacarrier | ||
| 500 | |a "A thesis submitted in partial fulfilment of the requirement for the Degree of Doctor of Philosophy in Islamic Thought." --On t.p. | ||
| 500 | |a Abstracts in English and Arabic. | ||
| 502 | |a Thesis (Ph.D.) -- International Islamic University Malaysia, 2005 | ||
| 504 | |a Includes bibliographical references (leaves 315-324). | ||
| 530 | |a Also available on 3 1/2 in. computer disk converted in to 4 3/4 in. computer optical disc. | ||
| 600 | 1 | 0 | |a Qutb, Sayyid, |d 1903-1966 |x Views on distributive justice |9 121138 |
| 600 | 1 | 0 | |a Sadr, Muhammad Baqir, |x Views on distributive justice |y 1932-1980 |9 121139 |
| 600 | 1 | 0 | |a Rawls, John |d 1921- |x Views on justice |9 121140 |
| 600 | 1 | 0 | |a Nozick, Robert |x Views on justice |9 121141 |
| 650 | 0 | |a Distributive justice |x Religious aspects Islam |9 121142 | |
| 650 | 0 | |a Distributive justice |9 47148 | |
| 650 | 0 | |a Wealth |x Religious aspects Islam |9 10509 | |
| 650 | 0 | |a Income distribution |x Religious aspects Islam |9 121143 | |
| 655 | 0 | 7 | |a Theses, IIUM local |
| 690 | 0 | |a Dissertations, Academic |x International Institute of Islamic Thought and Civilization (ISTAC) |z IIUM |9 63848 | |
| 710 | 2 | |a International Islamic University Malaysia. |b International Institute of Islamic Thought and Civilization | |
| 730 | 0 | |a Distributive justice : a comparative analysis of the views of Sayyid Qutb, Muhammad Baqir Al-Sadr, John Rawls and Robert Nozick. (Electronic resource) |9 121144 | |
| 900 | |a hj-his | ||
| 942 | |2 lcc |n 0 | ||
| 999 | |c 431988 |d 464344 | ||
| 952 | |0 0 |6 T HB 000251 S949D 2005 |7 0 |8 THESES |9 754604 |a IIUM |b IIUM |c MULTIMEDIA |g 0.00 |o t HB251S949D 2005 |p 00011274595 |r 2017-10-19 |t 2 |v 0.00 |y THESIS | ||
| 952 | |0 0 |6 LU T HB251S949D 2005 |7 0 |8 THESES |9 757429 |a IIUM |b IIUM |c CLOSEACCES |g 0.00 |o lu t HB251S949D 2005 |p 00000939502 |r 2017-11-01 |t 1 |v 0.00 |y THESIS | ||
| 952 | |0 0 |6 TS CDF HB251S949D 2005 |7 0 |8 THESES |9 820968 |a IIUM |b IIUM |c MULTIMEDIA |g 0.00 |o ts cdf HB251S949D 2005 |p 00001017984 |r 2017-10-26 |t 1 |v 0.00 |y THESISDIG | ||
